000 01444cam a2200301 i 4500
001 19114209
003 OSt
005 20260212062533.0
008 160531s2017 enka b 001 0 eng
010 _a 2016025442
020 _a9781138921108 (hbk.)
040 _aDLC
_beng
_cDLC
_erda
_dDLC
042 _apcc
043 _aa-ii---
082 0 0 _a344.046 GIL
100 1 _aGill, Gitanjali Nain
245 1 0 _aEnvironmental justice in India :
_bthe National Green Tribunal /
_cGitanjali Nain Gill.
264 1 _aNew York :
_bRoutledge,
_c2017.
300 _axxv, 238 p. :
_bill. ;
_c24 cm
505 0 _a• Environmental justice: A global perspective • Genesis and establishment of the National Green Tribunal • The National Green Tribunal Act 2010: interpretation and application • National Green Tribunal: normative principles • Nation Green Tribunal: science and law • National Green Tribunal: judgments and analysis • The National Green Tribunal's journey: challenges and success
610 1 0 _aIndia.
_bNational Green Tribunal.
650 0 _aEnvironmental justice
_zIndia.
650 0 _aEnvironmental law
_zIndia.
856 _uhttps://www.google.co.in/books/edition/Environmental_Justice_in_India/ORV6DQAAQBAJ?hl=en&gbpv=1&printsec=frontcover
906 _a7
_bcbc
_corignew
_d1
_eecip
_f20
_gy-gencatlg
942 _2ddc
_cBK
999 _c112324
_d112324